| 000 | 00571nam a22001817a 4500 | ||
|---|---|---|---|
| 005 | 20160912122437.0 | ||
| 010 | _aENG-115993 | ||
| 020 |
_a9789350571736 _c225.00 |
||
| 035 | _aEN-99525 | ||
| 037 | _bDBAD/PUB | ||
| 082 | _a651.7 | ||
| 100 | _aBhalla,Prem P. | ||
| 245 |
_aBusiness english : _cby Archana Mathur _ba complete reference manual for efective business communication / |
||
| 260 |
_c2016 _aNew Delhi _b110002 |
||
| 270 |
_aF-2/16, Ansari road, Daryaganj _bNew Delhi _e110002 |
||
| 300 |
_c24cm(pbk) _a263p. |
||
| 942 |
_cEN _2ddc _h651.7 _mBHA |
||
| 999 |
_c103288 _d103288 |
||